Countries Mentioned in the Wikipedia Page of Poland - Statistics

General Stats
  • This quiz has been taken 2,006 times
  • The average score is 13 of 15
Answer Stats
Frequency Context Country % Correct
8 Shares a land border with ... Germany
100%
11 Shares a land border with ... Russia
99%
2 Shares a land border with ... Czech Republic
96%
6 Shares a land border with ... Lithuania
96%
3 Shares a land border with ... Ukraine
95%
1 Shares a land border with ... Belarus
94%
1 Shares a land border with ... Slovakia
93%
3 Shares maritime boundaries with ... Sweden
92%
4 A chemist who lived much of her life in ... France
91%
1 Shares maritime boundaries with ... Denmark
87%
4 Has strong ties with ... Hungary
86%
1 Strengthened its relations with ... United States
84%
1 In 1772, the First Partition of the Commonwealth by ... took place. Austria
83%
1 Strong historical influences derived from ... Italy
70%
1 Louis of Anjou ruled ... in a personal union. Croatia
28%
No matching quizzes found
Score Distribution
Percent of People with Each Score
Percentile by Number Answered
Your Score History
You have not taken this quiz